Maailman turvallisimmat maat turistille! - Statistics

Yleistilastot
  • Tätä visaa on pelattu 513 kertaa
  • Keskiarvotulos 8 / 15
Vastaustilastot
rank located Vastaus % Oikein
1 Pohjoismaat F Suomi
100%
4 Pohjoismaat I Islanti
88%
13 Australia & Oseania A Australia
76%
7 Australia & Oseania N Uusi Seelanti
73%
11 Eurooppa S Sveitsi
65%
10 Etelä-Eurooppa P Portugali
57%
5 Eurooppa A Itävalta
55%
2 Lähi-Itä Q Qatar
53%
15 Eurooppa I Irlanti
49%
9 Lähi-Itä O Oman
47%
6 Eurooppa L Luxembourg
46%
8 Kaakkois-Aasia S Singapore
43%
14 Eurooppa S Slovenia
32%
3 Lähi-Itä U Yhdistyneet Arabiemiirikunnat
22%
12 Aasia H Hong Kong
3%
Ehtoja vastaavia visoja ei löytynyt
Tulosjakauma
Jokaisen tuloksen saaneiden osuus
Persentiili vastausten määrän mukaan
Tuloshistoriasi
Et ole pelannut tätä visaa